000 00907nam a22002537a 4500
999 _c11194
_d11194
003 AR-CdUCM
008 190403b ||||| |||| 00| 0 spa d
040 _aMUNICIPALIDAD PROVINCIAL DEL CUSCO
_cBIBLIOTECA MUNICIPAL DEL CUSCO
082 _22ed.
_a638.1 /
_bSC31 / 1944
100 _aScrosati., Emilio
_928426
245 _aPequeña enciclopedia de apicultura y ganadería /
260 _aBuenos Aires :
_bSociedad editora internacional,
_c1944.
300 _a442 paginas ;
_c22 cm.
500 _aFalta tapa.
505 _aContenido : Botánica -- Agricultura -- Horticultura -- Los grandes cultivos -- Fruticultura y arboricultura...
650 _aZoología
_921628
650 _aMétodos de reproducción
_928427
650 _aCastración de pollos
_928428
650 _aRazas de conejos
_928429
650 _aAves
_92630
650 _aHortalizas
_922950
942 _2ddc
_cLIBROS
945 _awnts